| 000 | 00481nam a22001817a 4500 | ||
|---|---|---|---|
| 003 | OSt | ||
| 005 | 20240710103848.0 | ||
| 008 | 240710b |||||||| |||| 00| 0 eng d | ||
| 020 | _a0471068950 | ||
| 040 | _cMUST | ||
| 082 |
_222 _a339 MIL 2002 |
||
| 100 |
_aMiles, David K _918603 |
||
| 245 |
_amacroeconomics: _bunderstanding the wealth of nations/ _cDavid K Miles |
||
| 300 |
_a190p. _bill. _c27cm |
||
| 650 | _2Macroeconomics | ||
| 700 | _4Scott, Andrew J | ||
| 942 |
_2ddc _cO_SHELF |
||
| 999 |
_c9135 _d9135 |
||